Centroamérica y la economía occidental (1520-1930) / (Registro nro. 39118)
[ vista simple ]
| 000 -CABECERA | |
|---|---|
| campo de control de longitud fija | 00672nam a2200181 a 4500 |
| 001 - NÚMERO DE CONTROL | |
| campo de control | 000039628 |
| 005 - FECHA Y HORA DE LA ÚLTIMA TRANSACCIÓN | |
| campo de control | 20201002033641.0 |
| 008 - DATOS DE LONGITUD FIJA--INFORMACIÓN GENERAL | |
| campo de control de longitud fija | 130712s1986 cr ab 000 0 spa d |
| 020 ## - NÚMERO INTERNACIONAL ESTÁNDAR DEL LIBRO | |
| Número Internacional Estándar del Libro | 997767366 |
| 040 ## - FUENTE DE LA CATALOGACIÓN | |
| Centro catalogador/agencia de origen | DO-SdBNP |
| Lengua de catalogación | spa |
| Centro/agencia transcriptor | BNPHU |
| 082 ## - NÚMERO DE LA CLASIFICACIÓN DECIMAL DEWEY | |
| Número de clasificación | xxx |
| 100 1# - ENTRADA PRINCIPAL--NOMBRE DE PERSONA | |
| Nombre de persona | Cardoso, Ciro F. S., |
| Fechas asociadas al nombre | 1942- |
| 9 (RLIN) | 65805 |
| 245 10 - MENCIÓN DE TÍTULO | |
| Título | Centroamérica y la economía occidental (1520-1930) / |
| Mención de responsabilidad, etc. | Ciro F. S. Ciro, Héctor Pérez Brignoli ; prólogo Enrique Florescano. |
| 260 ## - PUBLICACIÓN, DISTRIBUCIÓN, ETC. | |
| Lugar de publicación, distribución, etc. | San José, Costa Rica : |
| Nombre del editor, distribuidor, etc. | Universidad de Costa Rica, |
| Fecha de publicación, distribución, etc. | 1986. |
| 300 ## - DESCRIPCIÓN FÍSICA | |
| Extensión | xiii, 382 p. : |
| Otras características físicas | il., maps. ; |
| Dimensiones | 21cm. |
| 700 1# - PUNTO DE ACCESO ADICIONAL--NOMBRE DE PERSONA | |
| Nombre de persona | Pérez Brignoli, Héctor, |
| Fechas asociadas al nombre | 1945- |
| 9 (RLIN) | 65806 |
| 700 1# - PUNTO DE ACCESO ADICIONAL--NOMBRE DE PERSONA | |
| Nombre de persona | Florescano, Enrique, |
| Término indicativo de función/relación | pról. |
| 9 (RLIN) | 65807 |
| Estado de retiro | Estado de pérdida | Restricciones de uso | No para préstamo | Código de colección | Localización permanente | Ubicación/localización actual | Ubicación en estantería | Fecha de adquisición | Número de inventario | Total de préstamos | Signatura topográfica completa | Código de barras | Fecha visto por última vez | Precio válido a partir de | Tipo de ítem Koha |
|---|---|---|---|---|---|---|---|---|---|---|---|---|---|---|---|
| Monografías: Libros y Folletos | Patrimonio Dominicano | Patrimonio Dominicano | Orden iniciada | 12.07.2013 | LF1 | xxx | 39628-10 | 25.06.2020 | 25.06.2020 | No se presta |
